Statistiques concernant Effectif AC Milan saison 2023/2024

Cliquez ici pour prendre le quiz!

Statistiques générales

  • Ce quiz a été pris 3 885 fois
    (195 depuis la dernière actualisation)
  • Le résultat moyen est 17 sur 27

Statistiques - réponses

HintRéponse% Correct
AOlivier Giroud
99%
GMike Maignan
98%
DThéo Hernandez
98%
ARafael Leão
97%
AChristian Pulisic
89%
DFikayo Tomori
86%
DDavide Calabria
80%
MIsmaël Bennacer
73%
MRuben Loftus-Cheek
73%
CoachStefano Pioli
73%
DPierre Kalulu
71%
DSimon Kjær
71%
MYacine Adli
67%
ANoah Okafor
61%
DAlessandro Florenzi
59%
DMalick Thiaw
59%
MTijjani Reijnders
56%
ALuka Jović
53%
ASamuel Chukwueze
51%
DMatteo Gabbia
45%
MYunus Musah
43%
MTommaso Pobega
38%
GAntonio Mirante
35%
GMarco Sportiello
35%
MFilippo Terracciano
20%
DMattia Caldara
19%
AChaka Traorè
14%

Distribution des résultats

Percentile par nombre de réponses

% des personnes avec chaque résultat

Votre développement - résultats

Vous n’avez pas pris ce quiz depuis la dernière actualisation